LIBRARY & INFORMATION CENTRE, KCAET, TAVANUR

ONLINE PUBLIC ACCESS CATALOGUE (OPAC)

Class book of Physics / (Record no. 1985)

MARC details
000 -LEADER
fixed length control field 00471cam a2200193ua 4500
041 ## - LANGUAGE CODE
Language code of text/sound track or separate title eng
082 ## - DEWEY DECIMAL CLASSIFICATION NUMBER
Classification number 530
Item number GRE/CL
100 ## - MAIN ENTRY--AUTHOR NAME
Personal name Gregory, Richard .
245 ## - TITLE STATEMENT
Title Class book of Physics /
250 ## - EDITION STATEMENT
Edition statement 1 /
260 ## - PUBLICATION, DISTRIBUTION, ETC. (IMPRINT)
Place of publication :
Name of publisher MacMillan and Company Limited ,
Year of publication 1959.
300 ## - PHYSICAL DESCRIPTION
Number of Pages 656 ; .
700 1# - ADDED ENTRY--PERSONAL NAME
Personal name Hadlay, H.E .
942 ## - ADDED ENTRY ELEMENTS (KOHA)
Koha item type Books
Holdings
Withdrawn status Lost status Damaged status Home library Current library Date acquired Full call number Accession Number Koha item type
      KAUAET KAUAET 07/04/2012 530 GRE/CL 5338 Books
free website counter